| 000 | 00947nam a22002657i 4500 | ||
|---|---|---|---|
| 005 | 20260402093429.0 | ||
| 008 | 250906s ts ||||cr|||| 00| j ara d | ||
| 020 | _a9786144476130 | ||
| 040 |
_aJO-AmGAM _erda |
||
| 041 | 1 |
_aara _htur |
|
| 082 | 1 | 4 |
_aق _bد و ر |
| 100 | 1 |
_aدورسون، يوسف _eمؤلف. |
|
| 245 | 1 | 2 |
_aالهرة عنبر : _bعاطفة الأمومة / _cتأليف يوسف دورسون. |
| 264 | 3 | 1 |
_bشركة المستقبل الرقمي، _aدبي : _c[ غير معروف ]. |
| 300 | _a79 صفحة. | ||
| 336 |
_2rdacontent _aنص _btxt |
||
| 337 |
_2rdamedia _aدون وسيط عرض _bn |
||
| 338 |
_2rdacarrier _aمجلد _bnc |
||
| 490 | 1 | _aسلسلة أقرأ عن حيواناتي المحببة. | |
| 650 | 1 | 7 | _aقصص الأطفال. |
| 650 | 1 | 7 | _aالأدب المترجم. |
| 830 | 0 | _aسلسلة أقرأ عن حيواناتي المحببة. | |
| 942 |
_2ddc _cBK |
||
| 999 |
_c247940 _d247940 |
||